|
|
|
|
| LEADER |
01371nam a22003137a 4500 |
| 001 |
34888 |
| 003 |
BD-DhAAL |
| 005 |
20230205134146.0 |
| 008 |
190724t2010 bg ||||| |||| 00| p ben d |
| 020 |
|
|
|a 9789848793091
|
| 040 |
|
|
|a BD-DhAAL
|c BD-DhAAL
|
| 041 |
|
|
|a ben
|
| 082 |
|
|
|a 891.441
|
| 100 |
|
|
|a রিটন, লুৎফর রহমান
|9 33085
|
| 245 |
|
|
|a ছড়াসমস্ত,
|n দ্বিতীয় খন্ড /
|c লুৎফর রহমান রিটন.
|
| 246 |
|
|
|a Chorashomosto
|
| 246 |
|
|
|a Complete rhymes
|
| 260 |
|
|
|a ঢাকা :
|b অবসর প্রকাশনা,
|c ২০১০.
|
| 300 |
|
|
|a ৩০৪ পৃষ্ঠা :
|b চিএ ;
|c ২২ সে.মি.
|
| 362 |
|
|
|8 Vol. 2
|
| 526 |
|
|
|a GenEd (Residential Campus)
|
| 541 |
|
|
|a Development Book Agency
|e 34888, 40796
|
| 650 |
|
|
|a Bengali poetry.
|9 33086
|
| 650 |
|
|
|a Bengali literature.
|
| 852 |
|
|
|a Ayesha Abed Library
|c General Stacks
|
| 942 |
|
|
|2 ddc
|c BK
|
| 999 |
|
|
|c 41002
|d 41002
|
| 952 |
|
|
|0 0
|1 0
|2 ddc
|4 0
|6 891_441000000000000_RIT
|7 0
|9 65735
|a SCL
|b SCL
|c GEN
|d 2019-07-17
|e Development Book Agency
|g 264.00
|l 0
|o 891.441 RIT
|p 3020034888
|r 2019-07-17
|t 1
|v 264.00
|w 2019-07-17
|y BK
|
| 952 |
|
|
|0 0
|1 0
|2 ddc
|4 0
|6 891_441000000000000_RIT
|7 0
|9 72960
|a SCL
|b SCL
|c GEN
|d 2023-01-15
|e Development Book Agency
|g 308.00
|l 0
|o 891.441 RIT
|p 3020040796
|r 2023-01-15
|t 2
|v 308.00
|w 2023-01-15
|y BK
|